PP in all - Statistics

General Stats
  • This quiz has been taken 11 times
  • The average score is 6 of 15
Answer Stats
Question Answer % Correct
There's a glass one in Cinderella Slipper
90%
Exchanging things Swapping
80%
The German or French for it, is ananas Pineapple
60%
Looking smart Dapper
50%
Wrestle or tackle Grapple
40%
Slang for lipstick Lippy
40%
Beatles hit "Day......." Tripper
40%
Brand of 'petrol' lighter Zippo
40%
Slang for a child Nipper
30%
Provider Supplier
30%
Ice cream, Mr......? Whippy
30%
Breed of dog Whippet
20%
Roy's surname in Coronation Street Cropper
10%
Panicking Flapping
10%
The bully in kids' TV show, Grange Hill Gripper
10%
No matching quizzes found
Score Distribution
Percent of People with Each Score
Percentile by Number Answered
Your Score History
You have not taken this quiz